000 00922cam a2200193 4500
001 ##WS134719
008 060829n 000 0 eng u
035 _a(Sirsi) u134719
041 0 _aeng
110 1 _aUnited Kingdom
_bDepartment for Environment, Food and Rural Affairs
245 0 0 _aContaminated land publications
520 _aLists and provides links to official papers, reports and news releases on contaminated land produced by DEFRA and its predecessors. Covers policy and the law, news releases, Contaminated Land Advice Notes, technical material including CLEA, and workshops and working groups.
590 _aIKA050906
650 2 4 _aCONTAMINATED LAND
651 4 _aUnited Kingdom
_y
690 _aPROPERTY-RURAL AND NATURAL ASSETS-LAND-CONTAMINATED LAND
856 4 0 _uhttps://www.defra.gov.uk/environment/land/contaminated/pubs.htm
_vView the website free of charge at www.defra.gov.uk...
942 _n0
999 _c120504
_d120504